00510 2200205 4500245003600000020002200036250001100058100002000069700001700089700001700106650002000123650001500143005001900158260003000177041001400207084001100221300004300232490002000275336000900295 aInfectedcSabina RacheliahText a978-602-420-846-2 aCet. 1 aSabina Rachelia aDadi Permadi aNurul Amanah aFiksi Indonesia aFantasteen a20241018091039 aBandungbDAR! Mizanc2019 aIndonesia a808.83 a160 hlmm. :bilust. ;cilust.: 19,5 cm aSeri Fantasteen atext